|
|
|
|
| LEADER |
00000nam0a2200000 4500 |
| 001 |
37062 |
| 005 |
20231101210417.0 |
| 010 |
|
|
|a 5713302806
|
| 035 |
|
|
|a (RuTPU)RU\TPU\book\37619
|
| 090 |
|
|
|a 37062
|
| 100 |
|
|
|a 20011221d1990 m y0rusy50 ca
|
| 101 |
1 |
|
|a rus
|
| 102 |
|
|
|a RU
|
| 105 |
|
|
|a a z 000zy
|
| 200 |
1 |
|
|a Дети улицы: Растущая трагедия городов
|e Доклад для Независимой комиссии по международным гуманитарным вопросам
|e пер. с англ.
|
| 210 |
|
|
|a Москва
|c Международные отношения
|d 1990
|
| 215 |
|
|
|a 147 с.
|c ил.
|
| 510 |
1 |
|
|a Street children
|z eng
|
| 606 |
1 |
|
|a Беспризорные дети
|2 stltpush
|3 (RuTPU)RU\TPU\subj\28284
|9 51827
|
| 610 |
1 |
|
|a политика
|
| 610 |
1 |
|
|a дети
|
| 610 |
1 |
|
|a беспризорники
|
| 610 |
1 |
|
|a профилактика
|
| 610 |
1 |
|
|a предотвращение
|
| 610 |
1 |
|
|a семья
|
| 610 |
1 |
|
|a кризис
|
| 610 |
1 |
|
|a Независимая комиссия
|
| 686 |
|
|
|a Ф4(0)3
|v LBC/SL-A
|2 rubbk
|
| 801 |
|
1 |
|a RU
|b 63413507
|c 20011221
|g PSBO
|
| 801 |
|
2 |
|a RU
|b 63413507
|c 20201117
|g PSBO
|
| 942 |
|
|
|c BK
|